Vývoj základních vazeb mezi zahraničním obchodem a produkcí zpracovatelského průmyslu v ČSSR a ve vybraných zemích /

Hlavní autor: Zeman, Karel
Korporativní autor: Československo. Státní plánovací komise
Další autoři: Havlíčková, Miloslava
Jazyk: Čeština
Vydáno: Praha : Výzkumný ústav plánování a řízení národního hospodářství, 1976
Edice: Ekonomické studie ; č. 34
Fyzický popis: 262 s. ; 8°
Language note: Ruské resumé
Knihy
Uloženo v:
LEADER 01335nam a22003252a 4500
001 001210381
003 CZ BrMZK
005 20190503125525.0
007 ta
008 120504s1976 xr er 000 0 cze d
015 |a cnb000411826 
035 |a (OCoLC)42178243 
040 |a ABA001  |b cze  |c HKA001  |d BOA001 
041 0 |a cze  |b rus 
080 9 |a 382:338.45(437) 
100 1 |a Zeman, Karel  |7 jn20001103089  |4 aut 
245 1 0 |a Vývoj základních vazeb mezi zahraničním obchodem a produkcí zpracovatelského průmyslu v ČSSR a ve vybraných zemích /  |c Karel Zeman ; spoluřešitel Miloslava Havlíčková 
260 |a Praha :  |b Výzkumný ústav plánování a řízení národního hospodářství,  |c 1976 
300 |a 262 s. ;  |c 8° 
490 1 |a Ekonomické studie ;  |v č. 34 
504 |a Obsahuje bibliografii a bibliografické odkazy 
546 |a Ruské resumé 
550 |a Vydavatel: Státní plánovací komise 
700 1 |a Havlíčková, Miloslava  |7 jo2003197043  |4 aut 
710 1 |a Československo.  |b Státní plánovací komise  |7 kn20050422001 
810 2 |a Výzkumný ústav plánování a řízení národního hospodářství.  |t Ekonomické informace 
910 |a BOA001  |b 2-0765.796 
990 |a BK 
991 |b 201205 
996 6 |b 2619521383  |c 2-0765.796  |l MZK  |r Sklad / do 1 hodiny  |n 0  |w 001244150  |u 000010  |a 1  |e BOA001  |j MZK50  |s P